Číslo lásky

Bibliographic Details
Main Author: White, Roseanna M., 1982- (Author)
Other Authors: Hlatká, Jana (prekladateľka) (Translator)
Format: Book
Language:Slovak
English
PhysicalDescription:365 strán 21 cm
Published: [Jezersko] i527.net 2021
ISBN:9788089822584
Edition:Prvé vydanie
Subjects:

MARC

LEADER 00000cam a2200000 4500
001 vtls012029654
003 SK-MaSNL
005 20260301205837.0
008 210503s2021 xo gr 010 f slo
015 |a SNBA2021/07 
020 |a 9788089822584  |q (brožované) 
040 |a SNK  |b slo  |c SNK  |e rda 
041 1 |a slo  |h eng 
044 |a xo  |c SK 
072 7 |a 821.111(73)-3  |x Americká próza  |2 konspekt 
080 |a 821.111(73)-31  |2 2011 
080 |a (0:82-311.6)  |2 2011 
080 |a (0:82-312.5)  |2 2011 
100 1 |a White, Roseanna M.,  |d 1982-  |4 aut  |9 211876 
240 1 4 |a The Number of Love  |l Slovensky 
245 1 0 |a Číslo lásky  |c Roseanna M. White ; preklad z anglického originálu The Number of Love: Jana Hlatká 
250 |a Prvé vydanie 
264 1 |a [Jezersko]  |b i527.net  |c 2021 
300 |a 365 strán  |c 21 cm 
336 |a text  |b txt  |2 rdacontent 
337 |a bez média  |b n  |2 rdamedia 
338 |a zväzok  |b nc  |2 rdacarrier 
500 |a Miesto vydania podľa NA ISBN 
655 7 |a americké romány  |2 SNKPH  |9 1174 
655 7 |a historické romány  |2 SNKPH  |9 70253 
655 7 |a ľúbostné romány  |2 SNKPH  |9 70497 
655 7 |a American novels  |2 SNKPHeng  |9 277755 
655 7 |a Historical novels  |2 SNKPHeng  |9 276887 
655 7 |a Love novels  |2 SNKPHeng  |9 277756 
700 1 |a Hlatká, Jana  |c (prekladateľka)  |4 trl  |9 193614 
787 0 8 |i Zo série:  |t Kryptológovia  |g 1. časť 
787 0 8 |i Súvisiaca séria:  |t Tiene nad Anglickom  |g 1-3 
919 |a 978-80-89822-58-4 
958 |a LX 
958 |a UP 
968 |b ENG 
999 |c 911634  |d 913564 
952 |a SNK  |b SNK  |y PREZ  |7 0  |p 17A1455423  |o snkSC 193192/1  |i snk2021/8103  |8 0  |0 0  |1 0  |4 0  |d 2021-07-02  |f 1  |l 0  |r 2025-10-10 00:00:00  |w 2026-02-24 
952 |a SNK  |b SNK  |y PREZ  |7 0  |p 17A1455424  |o snkSC 193192/1 D1  |i snk2021/8104  |8 0  |0 0  |1 0  |4 0  |d 2021-07-02  |l 0  |r 2026-02-24 07:46:19  |w 2026-02-24